000 00291pab a2200121 454500
008 180718b xxu||||| |||| 00| 0 eng d
100 _aIqbal Badar Alam
245 _aWhat's to be done for electricity?
362 _a6 Oct 93, p.4
650 _aElectricity
773 _aPatriot
909 _a25844
999 _c25844
_d25844